Normal view
MARC view
- Supervised by Dr Javaid Iqbal
Entry Corporate Name
001 - CONTROL NUMBER
- control field: 84151
003 - CONTROL NUMBER IDENTIFIER
- control field: NUST
005 - DATE AND TIME OF LATEST TRANSACTION
- control field: 20211115161543.0
008 - FIXED-LENGTH DATA ELEMENTS
- fixed length control field: 211115|| aca||aabn | a|a d
040 ## - CATALOGING SOURCE
- Original cataloging agency: NUST
- Transcribing agency: NUST
110 ## - HEADING--CORPORATE NAME
- Corporate name or jurisdiction name as entry element: Supervised by Dr Javaid Iqbal
670 ## - SOURCE DATA FOUND
- Source citation: Work cat.: (NUST)576872: Nasir Rashid 69714, TH-SOF-1609-Artificial Immune System (AIS) - A Soft Computing Based Approach for Electroencephalography (EEG) Signal Classification, 2019
